Score 0/26 Timer 05:00
2 Plays Today
% Correct
Lettuce
93.7%
Onions
79.9%
Olives
72.3%
Pickles
67.9%
Salami
57.4%
Chicken Breast (Patty and Strips)
48.1%
Cheddar Cheese
47.1%
Egg Omelet Patty
46.7%
Oil
46.6%
Cucumber
43%
Peppers (Green, Banana, Jalapeño etc.)
42%
Pepperoni
40.7%
Spinach
39.4%
% Correct
Ranch Dressing
38%
Swiss Cheese
37.5%
Provolone Cheese
35.6%
Roast Beef
27.8%
Pepperjack Cheese
23.2%
Chipotle Southwest Sauce
22.7%
Steak
18.1%
Sweet Onion Sauce
15.9%
Parmesan Cheese
15.5%
Seafood Sensation
6.3%
Parmesan/Oregano Bread
3.7%
Croutons
3.1%
Roasted Garlic Bread
2.7%

You're not logged in!

Compare scores with friends on all Sporcle quizzes.
OR
Log In

Sporcle TV

Today on Sporcle TV


Watch our educational content, quiz creation guides, and fun videos on Sporcle TV.

Show Comments

Extras

Top Quizzes Today


Score Distribution

Paid Content

Your Account Isn't Verified!

In order to create a playlist on Sporcle, you need to verify the email address you used during registration. Go to your Sporcle Settings to finish the process.

Report this User

Report this user for behavior that violates our Community Guidelines.

Details: